000 00752nam a2200241 i 4500
001 11786
003 ES-MaACL
007 t|
008 961104s1987 ve ||||1| spa d
020 _a980-276-043-9
080 _a141.81(8=6)
080 _a330.84(8=6)
245 0 0 _aUtopismo socialista
_b: (1830-1893) /
_cprólogo, selección, notas y cronología Carlos M. Rama.
250 _a2ª ed.
260 _aCaracas :
_bBiblioteca Ayacucho,
_c1987.
300 _aLXXI, 292 p. ;
_c24 cm.
490 1 _aBiblioteca Ayacucho ;
_v26
650 1 4 _aSocialismo utópico-
_zAmérica Latina
_917166
700 1 _aRama, Carlos M.
_995058
830 0 _aBiblioteca Ayacucho ;
_v26
_9177888
852 _aES-MaACL
_jG-4159
_bR.118747
999 _c11786
_d11786